| 000 | 00913nam a2200325 a 4500 | ||
|---|---|---|---|
| 003 | AR-BaBNM | ||
| 005 | 20251128203409.0 | ||
| 008 | 082120s2002 ||||||||||||||000 | spa|| | ||
| 040 | _cAR-BaBNM | ||
| 100 | 1 | _aPeña Guzmán, Luis Alberto | |
| 245 | 0 | 0 |
_aDerecho romano _n2 |
| 260 |
_aBuenos Aires _bTEA _c1962 |
||
| 300 | _a770 p. | ||
| 500 | _aEl libro carece de portada | ||
| 500 | _aIndice general de materias p. 759-770 | ||
| 500 | _aContiene indices de los tomos 1 y 2: índice alfabético p. 719-752, índice onomástico p. 753-757 | ||
| 650 | 4 | _aDERECHO ROMANO | |
| 650 | 4 | _aOBLIGACIONES | |
| 650 | 4 | _aCONTRATOS | |
| 650 | 4 | _aDERECHO DE FAMILIA | |
| 650 | 4 | _aMATRIMONIO | |
| 650 | 4 | _aDERECHO SUCESORIO | |
| 650 | 4 | _aTESTAMENTOS | |
| 650 | 4 | _aSUCESIONES | |
| 653 | _aPATRIMONIO | ||
| 653 | _aDERECHOS REALES | ||
| 700 | 1 | _aArgüello, Luis Rodolfo | |
| 942 | _cBK | ||
| 998 | _cAndrea | ||
| 999 |
_c3199 _d3199 |
||